| 000 | 01251pab a2200181 454500 | ||
|---|---|---|---|
| 008 | 180718b1997 xxu||||| |||| 00| 0 eng d | ||
| 100 | _aChau, Dao Minh | ||
| 245 | _aAdministrative reform in Vietnam: need and strategy | ||
| 260 | _c1997 | ||
| 300 | _ap.303-20 | ||
| 362 | _aDec | ||
| 520 | _aThis article discusses the need for, and strategies of, developing a sound system of administration in Vietnam. It adopts a concept of administrative reform as the induced systemic improvement of public sector operational performance. The paper examines the limitations and weaknesses of the present system of public administration from three perspectives: organization; institution; and human resource. A strategy of reform is developed with a focus on the three above mentioned dimensions. The main instruments of the reform are decentralisation, privatisation, contracting out, overhauling the existing legal system, enacting new laws and regulations, and training public servants. The potential difficulties of implementation are also analysed. - Reproduced | ||
| 650 | _aPublic administration | ||
| 650 | _aAdministrative reform - Vietnam | ||
| 650 | _aAdministrative reform | ||
| 773 | _aAsian Journal of Public Administration | ||
| 909 | _a39274 | ||
| 999 |
_c39274 _d39274 |
||